| 000 | 00665cam a2200193 4500 | ||
|---|---|---|---|
| 001 | WB3714-23 | ||
| 008 | 000000n2001 000 0 eng u | ||
| 035 | _a(Sirsi) u111848 | ||
| 245 | _aFMD could dent house values | ||
| 260 | _c2001 | ||
| 490 |
_aIndependent _v 4 April 2001, 6(1) |
||
| 520 | _aThe Nationwide has predicted that, in a worst case scenario, the FMD outbreak could take 0.5% off the expected 7% rise in house prices this year. | ||
| 590 | _aWB | ||
| 650 | _aFOOT-AND-MOUTH DISEASE | ||
| 650 | _aHOUSE PRICE INFLATION | ||
| 650 | _aHOUSE PRICE STATISTICS | ||
| 690 | _aPROPERTY-RESIDENTIAL PROPERTY-RESIDENTIAL PROPERTY MARKET | ||
| 942 | _n0 | ||
| 999 |
_c66655 _d66655 |
||